000 01342nam a22002775a 4500
003 OSt
005 20170216121401.0
008 170216s2015 ua fr 000 0 ara d
015 _a2015 / 27785
020 _a9789770479964
040 _aEG-ScBUE
_bara
_cEG-ScBUE
043 _af-ua---
_an-us---
082 0 4 _a346.0926
_bز غ ل
_222
100 1 _aزغلول، أحمد يحيى سعد.
245 1 2 _aالمواجهة القانونية والأمنية لجرائم سوق الأوراق المالية :
_bدراسة مقارنة بين التشريعين المصري والأمريكي /
_cأحمد يحيى سعد زغلول.
260 _aالقاهرة :
_bدار النهضة العربية،
_c2015.
300 _a540 ص. ؛
_c24 سم.
504 _aيشتمل على إرجاعات ببليوجرافية.
650 7 _aجرائم الأموال
_xقوانين وتشريعات
_zمصر.
_2BUEsh
650 7 _aجرائم الأموال
_xقوانين وتشريعات
_zالولايات المتحدة الأمريكية.
_2BUEsh
650 7 _aالأوراق المالية
_xقوانين وتشريعات
_zمصر.
_2BUEsh
650 7 _aألأوراق المالية
_xقوانين وتشريعات
_zالولايات المتحدة الأمريكية.
_2BUEsh
651 _2BUEsh
653 _bLLAAWW
_cFebruary2017
942 _2ddc
999 _c24162
_d24134